000 00744cam a22002291 4500
001 agr12001510
003 DLC
005 20260227110934.0
008 891004s1912 dcu f000 0 eng c
010 _aagr12001510
035 _a(OCoLC)20441777
040 _aLibrary, U.S. Dept. of Agriculture
_cWaU
_dWaU
_dDLC
042 _apremarc
050 0 0 _aS585
_b.A1 no. 153
100 1 _aSkinner, William Woolford,
_d1874-
245 0 0 _aDetermination of lithium.
_cBy W. W. Skinner and W. D. Collins.
260 _aWashington,
_bGovt. print. off.,
_c1912.
300 _a38 p.
_c23 cm.
410 1 0 _aUnited States.
_bBureau of Chemistry.
_tBulletin
_vno. 153
650 0 _aLithium
_xDetermination.
700 1 _aCollins, W. D.
_q(William Dennis),
_d1875-
999 _c8136
_d8136